000 02348cam a2200253 4500500
005 20260329012557.0
041 _afre
042 _adc
100 1 0 _aJoblin, Alain
_eauthor
245 0 0 _aLes commissaires du roi et les Églises réformées septentrionales au xviie siècle (Ile-de-France, Champagne, Picardie et Pays de Chartres)
260 _c2014.
500 _a81
520 _aL’Édit de Nantes (1598) officialisa l’existence des Églises réformées. Regroupées en provinces synodales, ces Églises étaient autorisées à tenir des assemblées provinciales chargées de régler les problèmes internes à ces Églises. À partir de 1623, le roi décida de se faire représenter au sein de ces assemblées par un commissaire qui devait veiller à ce que les débats ne sortent pas des limites fixées par la loi. Ces commissaires matérialisaient également le lien existant entre le souverain et ses sujets de religion réformée. Six commissaires siégèrent aux synodes de la XVIe province synodale (Ile-de-France, Champagne, Picardie et Pays de Chartres) qui se succédèrent de 1625 à 1681.
520 _aThe King’s Commissioners and the Reformed Churches of Northern France in the xviith Century (Ile-de-France, Champagne, Picardie and Pays de Chartres)The Edict of Nantes (1598) officialized the existence of the Reformed Churches. Regrouped in synodal provinces, these Churches were allowed to hold provincial assemblies responsible for solving the problems arising internally. After 1623, the King decided to be represented in these assemblies by a commissioner who had to make sure that the debates did not go beyond the limits set by the law. These commissioners embodied also the link that existed between the sovereign and his subjets belonging to the reformed faith. Six commissioners sat on the synods of synodal province XVI (Ile-de-France, Champagne, Picardie and Pays de Chartres) that took place between 1625 and 1681.
690 _acommissaires
690 _adéputés
690 _adiscipline
690 _aÉdit de Nantes
690 _aÉglises réformées
690 _aprovince synodale
690 _asynode
786 0 _nRevue du Nord | 400-401 | 2 | 2014-04-01 | p. 569-580 | 0035-2624
856 4 1 _uhttps://shs.cairn.info/revue-du-nord-2013-2-page-569?lang=fr&redirect-ssocas=7080
999 _c1872370
_d1872370